| 000 | 01506nam a22003854a 4500 | ||
|---|---|---|---|
| 001 | ebr10233355 | ||
| 003 | CaPaEBR | ||
| 006 | m u | ||
| 007 | cr cn||||||||| | ||
| 008 | 050124s2005 nyu sb 001 0 eng | ||
| 010 | _z 2005001814 | ||
| 020 | _z1845202031 (pbk.) | ||
| 020 | _z1845202023 (cloth) | ||
| 040 |
_aCaPaEBR _cCaPaEBR |
||
| 035 | _a(OCoLC)572677548 | ||
| 041 | 1 |
_aeng _hdut |
|
| 043 | _ae-ne--- | ||
| 050 | 1 | 4 |
_aD802.N4 _bL5413 2005eb |
| 082 | 0 | 4 |
_a940.53/18/09492 _222 |
| 100 | 1 | _aLiempt, Ad van. | |
| 240 | 1 | 0 |
_aKopgeld. _lEnglish |
| 245 | 1 | 0 |
_aHitler's bounty hunters _h[electronic resource] : _bthe betrayal of the Jews / _cAd van Liempt ; translated by Stephen J. Leinbach. |
| 250 | _aEnglish ed. | ||
| 260 |
_aNew York, N.Y. : _bBerg, _c2005. |
||
| 300 | _ax, 277 p. | ||
| 504 | _aIncludes bibliographical references (p. 253-256) and index. | ||
| 533 |
_aElectronic reproduction. _bPalo Alto, Calif. : _cebrary, _d2013. _nAvailable via World Wide Web. _nAccess may be limited to ebrary affiliated libraries. |
||
| 650 | 0 |
_aWorld War, 1939-1945 _xCollaborationists _zNetherlands. |
|
| 650 | 0 |
_aWorld War, 1939-1945 _zNetherlands. |
|
| 650 | 0 |
_aHolocaust, Jewish (1939-1945) _zNetherlands. |
|
| 651 | 0 |
_aNetherlands _xHistory _yGerman occupation, 1940-1945. |
|
| 655 | 7 |
_aElectronic books. _2local |
|
| 710 | 2 | _aebrary, Inc. | |
| 856 | 4 | 0 |
_uhttp://site.ebrary.com/lib/rucke/Doc?id=10233355 _zAn electronic book accessible through the World Wide Web; click to view |
| 999 |
_c38099 _d38099 |
||